عرض عادي
عرض مارك
- باحارث، عدنان حسن صالح،
مدخل إسم شخص
001 - رقم الضبط
- حقل الضبط: 101710
003 - معرف رقم الضبط
- حقل الضبط: OSt
005 - تاريخ ووقت أخر عملية
- حقل الضبط: 20220913152509.0
008 - عناصر بيانات ثابتة الطول
- حقل تحكم ثابت الطول: 220913|| aca||aabn | a|a d
040 ## - مصدر الفهرسة
- هيئة الفهرسة الأصلية: OSt
- وكالة الكتابة: OSt
100 ## - مدخل -- أسم شخص
- إسم شخص: باحارث، عدنان حسن صالح،
- تواريخ مرتبطة بالاسم: 1379 هجري-
670 ## - بيانات المصدر موجوده
- الاستشهاد بالمصدر: Work cat.: (OSt): باحارث، عدنان حسن صالح، 1379 هجري- مؤلف., مفاهيم في الموهبة والإبداع وعلاقتهما بالبعد الحضاري :
